000 00356nam a2200157Ia 4500
008 230524s9999 xx 000 0 und d
082 _a5
_bCHA
100 _aS.K.Chauhan
245 0 _aPC Organisation
250 _a1ST
260 _aNEW DELHI
_bKataria
_c2002
300 _aXIII;431
500 _aQuantity Number: 2
650 _aComp-Sc
942 _cBK
999 _c33221
_d33221